Quel roi ont-elles épousé ? (Capétiens) - Statistiques

Statistiques générales
  • Ce quiz a été pris 21 fois
  • Le résultat moyen est 7 sur 26
Statistiques - réponses
Hint Réponse % Correct
Aliénor d'Aquitaine Louis VII (1137-1180)
50%
Blanche de Castille Louis VIII (1223-1226)
50%
Marguerite de Bourgogne Louis X (1314-1316)
38%
Constance d'Arles Robert II (996-1031)
38%
Anne de Kiev Henri 1er (1031-1060)
31%
Marguerite de Provence Louis IX (1226-1270)
31%
Adélaïde de Savoie Louis VI (1108-1137)
31%
Bertrade de Montfort Philippe 1er (1060-1108)
31%
Ingeburge de Danemark Philippe II (1180-1223)
31%
Isabelle d'Aragon Philippe III (1270-1285)
31%
Blanche de Bourgogne Charles IV (1322-1328)
25%
Marie de Luxembourg Charles IV (1322-1328)
25%
Mathilde de Frise Henri 1er (1031-1060)
25%
Adélaïde d'Aquitaine Hugues Capet (987-996)
25%
Adèle de Champagne Louis VII (1137-1180)
25%
Constance de Castille Louis VII (1137-1180)
25%
Clémence de Hongrie Louis X (1314-1316)
25%
Agnès de Méranie Philippe II (1180-1223)
25%
Marie de Brabant Philippe III (1270-1285)
25%
Jeanne de Navarre Philippe IV (1285-1314)
25%
Jeanne de Bourgogne Philippe V (1316-1322)
25%
Rozala d'Italie Robert II (996-1031)
25%
Berthe de Hollande Philippe 1er (1060-1108)
19%
Isabelle de Hainaut Philippe II (1180-1223)
19%
Berthe de Bourgogne Robert II (996-1031)
19%
Jeanne d'Evreux Charles IV (1322-1328)
13%
Aucun quiz correspondant
Distribution des résultats
% des personnes avec chaque résultat
Percentile par nombre de réponses
Votre historique - résultats
Vous n’avez pas pris ce quiz